Statistics for Here Comes the Sun - The Beatles Lyrics

Click here to take the quiz!

General Stats

  • This quiz has been taken 860 times
    (844 since last reset)
  • The average score is 114 of 124

Answer Stats

Answer% Correct
Here
100%
the
100%
sun
100%
here
100%
comes
100%
i
99%
I
99%
a
98%
it
98%
its
96%
it's
96%
right
90%
all
90%
and
90%
darling
89%
say
89%
little
87%
Little
87%
been
84%
long
80%
winter
79%
since
74%
lonely
73%
cold
72%
like
70%
years
68%
seems
64%
feel
60%
is
59%
slowly
53%
melting
52%
ice
49%
that
47%
clear
43%

Score Distribution

Percentile by Number Answered

Percent of People with Each Score

Your Score History

You have not taken this quiz since the last reset